The Boys Death Quiz - Statistics

General Stats
  • This quiz has been taken 1,055 times
    707 since last reset
  • The average score is 9 of 28
Answer Stats
Season Cause Killer Answer % Correct
1 Blown up from the inside. Hughie Translucent
96%
1 Injected with heroin. A-Train Popclaw
82%
1 Ran through accidently. A-Train Robin Ward
81%
1 Blasted through the eyes with heat vision. Homelander Madelyn Stillwell
59%
2 Suicide by burning. Himself Lamplighter
55%
2 Died from injuries caused by heat vision. Ryan Butcher Becca Butcher
54%
1 Head bashed against a sink. Billy Butcher Mesmer
53%
3 Punched through the stomach. Homelander Black Noir
47%
3 Dragged on concrete at super speed. A-Train Blue Hawk
37%
3 Suicide. Stormfront
35%
3 Head sliced partially in half. Billy Butcher Gunpowder
30%
3 Destroyed by energy discharge. Soldier Boy Crimson Countess
27%
2 Neck snapped. Stormfront Kenji Miyashiro
27%
3 Head smashed in with a shield. Soldier Boy Mindstorm
25%
3 Blown up by a missile. Russian soldier Swatto
19%
3 Squished. Homelander Termite
18%
4 Beat to death with a bat. Black Noir Todd
18%
4 Torn to shreds. Billy Butcher Ezekiel
17%
2 Decapitated. Black Noir Naqib
15%
2 Head blown off. Victoria Neuman Shockwave
15%
2 Neck snapped. Homelander Doppelganger
13%
3 Beaten to death. Homelander Supersonic
13%
4 Burned Alive. Homelander Frank
7%
4 Thrown at a building accidently. Ryan Koy
7%
2 Head blown off. Victoria Neuman Jonah Vogelbaum
6%
4 Stabbed through the head. Billy Butcher Splinter
4%
2 Head blown off. Victoria Neuman Alastair Adana
3%
4 Head crushed. Homelander Martin
2%
No matching quizzes found
Score Distribution
Percent of People with Each Score
Percentile by Number Answered
Your Score History
You have not taken this quiz since the last reset